000 00257nam a2200109Ia 4500
008 190216s9999||||xx |||||||||||||| ||und||
100 _aPanicker
245 0 _aSuccess Full Interview
260 _bSterling Publications
650 _aReferences
942 _cREF
999 _c35863
_d35863